| 000 | 00633nam a2200193 a 4500 | ||
|---|---|---|---|
| 003 | MX-MxUPN | ||
| 005 | 20240816122917.0 | ||
| 008 | 991125s1870 fr gr 000 0 fre d | ||
| 035 | _aUPN01000007644 | ||
| 040 |
_aMX-MxUPN _bspa _cMX-MxUPN |
||
| 041 | _afre | ||
| 050 | 4 |
_aPC2111 _bD3.3 |
|
| 100 | 1 |
_aDaniel, Jacques, _953072 _d1794-1862 |
|
| 245 | 1 | 0 | _aChoix de lectures en prose et en vers extraites des classiques français ou leçons abrégées de littérature & de morale |
| 260 |
_aParís : _bLibrairie de L. Hachette et C., _c1870. |
||
| 650 | 4 |
_aFrancés _vLibros de lectura _91691 |
|
| 905 | _aLibro | ||
| 942 |
_2lcc _cLIBRO _n0 |
||
| 999 |
_c7644 _d7644 |
||